Città dei Mondiali - Morte improvvisa - Statistics

Statistiche generali
  • Questo quiz è stato fatto 452 volte
  • Il punteggio medio è 7 su 42
Answers on the Grid
Answers color-coded by a green-red scale on the quiz's grid according to % correct below.
Montevideo
Milano
Roma
Torino
Napoli
Venezia
Nizza
Rennes
Parigi
Marsiglia
Lione
Bordeaux
Rio de Janeiro
Brasilia
San Paolo
Manaus
Basilea
Zurigo
Lucerna
Göteborg
Malmö
Santiago del Cile
Londra
Liverpool
Manchester
Birmingham
Leeds
Glasgow
Bristol
Città del Messico
Guadalajara
Monaco di Baviera
Amburgo
Dortmund
Essen
Buenos Aires
Córdoba
Santa Fe
Madrid
Barcellona
Siviglia
Murcia
Chicago
Dallas
Seattle
Philadelphia
Seul
Yokohama
Tokyo
Johannesburg
Città del Capo
Durban
Mosca
San Pietroburgo
Novosibirsk
Lusail
Bogotà
Caracas
Il Cairo
Kinshasa
Sydney
Auckland
Giacarta
Pechino
Nuova Delhi
Teheran
Istanbul
Manila
Lisbona
Dublino
Amsterdam
Bruxelles
Varsavia
Praga
Atene
Bucarest
Vienna
Budapest
Sofia
Belgrado
 
Statistiche sulle risposte
Risposta % Corretto
Parigi
33%
Roma
31%
Milano
30%
Rio de Janeiro
30%
Barcellona
28%
Londra
28%
Mosca
28%
Napoli
28%
Città del Messico
27%
Monaco di Baviera
26%
Madrid
25%
Dortmund
23%
Torino
23%
Buenos Aires
22%
Johannesburg
21%
Città del Capo
20%
San Paolo
20%
San Pietroburgo
20%
Seul
20%
Marsiglia
19%
Brasilia
17%
Liverpool
17%
Montevideo
16%
Amburgo
15%
Lione
15%
Manchester
15%
Siviglia
15%
Bordeaux
13%
Santiago del Cile
12%
Lusail
10%
Yokohama
9%
Göteborg
8%
Basilea
7%
Guadalajara
7%
Zurigo
7%
Chicago
6%
Dallas
6%
Malmö
6%
Manaus
6%
Birmingham
5%
Córdoba
4%
Durban
2%
Nessun quiz corrispondente trovato
Distribuzione punteggi
Percentuale di utenti per punteggio
Percentile per numero di risposta
I tuoi punteggi nel tempo
Non hai fatto questo quiz